| 000 | 00641nam a2200229Ia 4500 | ||
|---|---|---|---|
| 003 | 0100 | ||
| 008 | 130227s9999 xx 000 0 und d | ||
| 040 | _cARRUPELIB | ||
| 050 | _aKS51.9.I5 2000 | ||
| 100 | _aSheed, Francis. Joseph | ||
| 245 | _aIn search of justice | ||
| 245 | _bwomen and the administration of justice in Malawi | ||
| 260 | _aBlantyre | ||
| 260 | _bDzuka Publishing | ||
| 260 | _C2000 | ||
| 300 | _ax | ||
| 300 | _b 124p. 21cm | ||
| 650 | _bCoptic church--History | ||
| 650 | _cEgypt--Church history | ||
| 700 | _aWomen and Law in Southern Africa Research and Educational Trust (WLSA) Malawi | ||
| 942 |
_2lcc _01 |
||
| 999 |
_c224 _d224 |
||